| 000 | 00000nam##2200000za#4500 |
| 001 | 9.648102 |
| 003 | CaOODSP |
| 005 | 20200330091730 |
| 007 | ta |
| 008 | 150407|2000||||xxc||||| f|0| 0 eng|d |
| 020 | |a0-662-30151-X |
| 040 | |aCaOODSP|beng |
| 043 | |an-cn--- |
| 086 | 1 |aE2-239/2000E |
| 110 | 1 |aCanada.|bForeign Affairs and International Trade. |bCanadian Centre for Foreign Policy Development. |
| 245 | 10|aPracticing democratic foreign policy: : |bDFAIT's consultations with Canadians / |cby John B. Hay. |
| 260 | |aOttawa - Ontario : |bForeign Affairs and International Trade. |c2000. |
| 300 | |a10p. in various pagings. ; |c28 cm. |
| 563 | |aSoftcover |
| 590 | |a02-32|b2002-08-09 |
| 690 | 07|aForeign policy|2gcpds |
| 690 | 07|aPublic hearings|2gcpds |
| 776 | 0#|tPractising democratic foreign policy : |w(CaOODSP)9.686035 |